[Event "Manhattan Open"]
[Site "New York, NY"]
[Date "2011.08.20"]
[Round "7"]
[White "Betaneli, Alex"]
[Black "Shvartsman, Andrew"]
[Result "1-0"]
[WhiteElo "2255"]
[BlackElo "2209"]
[EventDate "2011.08.17"]
[WhiteTitle "FM"]
[BlackTitle "-"]
[Source "MonRoi"]

1.e4 c5 2.b3 Nc6 3.Bb2 e5 4.Bc4 g6 5.f4 Bg7 6.Nf3 d6 7.O-O Nh6 8.Bd5 O-O 
9.Bxc6 bxc6 10.fxe5 Ng4 11.h3 Nxe5 12.Nxe5 dxe5 13.d3 Be6 14.Nd2 f5 15.Qe2
f4 16.Qf2 Qa5 17.Nf3 c4 18.dxc4 Rad8 19.Rfd1 Bf6 20.Kh1 g5 21.c5 Qc7 22.
Qe2 h5 23.Rd6 Rxd6 24.cxd6 Qxd6 25.Nh2 Bf7 26.Rd1 Qc7 27.Rd3 Rd8 28.g4 
fxg3 29.Rxg3 Qa5 30.Nf3 Qxa2 31.Bc1 Qa1 32.Rg1 Qc3 33.Nxg5 Bxg5 34.Rxg5+ 
Kf8 35.Be3 Qb4 36.Rxe5 Qc3 37.Bh6+ 1-0

[Event "Manhattan Open"]
[Site "New York, NY"]
[Date "2011.08.21"]
[Round "8"]
[White "Romanenko, Vladimir"]
[Black "Kudrin, Sergey"]
[Result "1/2-1/2"]
[WhiteElo "2454"]
[BlackElo "2547"]
[EventDate "2011.08.17"]
[WhiteTitle "IM"]
[BlackTitle "GM"]
[Source "MonRoi"]

1.e4 c5 2.Nf3 g6 3.d4 cxd4 4.Nxd4 Nc6 5.Nc3 Bg7 6.Be3 Nf6 7.Be2 O-O 8.O-O 
d6 9.h3 d5 10.exd5 Nxd5 11.Nxd5 Qxd5 12.Bf3 Qa5 13.c3 Nxd4 14.Bxd4 Rd8 15.
Qe2 Bxd4 16.cxd4 Be6 17.Rfd1 Rd7 18.d5 Bxd5 19.Bxd5 Rxd5 20.Qxe7 1/2-1/2

[Event "Manhattan Open"]
[Site "New York, NY"]
[Date "2011.08.21"]
[Round "8"]
[White "Kacheishvili, Giorgi"]
[Black "Garcia, Gildardo"]
[Result "1-0"]
[WhiteElo "2582"]
[BlackElo "2368"]
[EventDate "2011.08.17"]
[WhiteTitle "GM"]
[BlackTitle "GM"]
[Source "MonRoi"]

1.d4 Nf6 2.c4 g6 3.Nc3 Bg7 4.e4 d6 5.Be2 c5 6.Nf3 cxd4 7.Nxd4 Nc6 8.Be3 
O-O 9.O-O Bd7 10.Qd2 Nxd4 11.Bxd4 Bc6 12.f3 a5 13.b3 Nd7 14.Be3 Nc5 15.
Rab1 Qb6 16.Rfc1 Rfc8 17.Rc2 Qd8 18.a3 Qe8 19.Bf1 f5 20.exf5 gxf5 21.b4 
axb4 22.axb4 Na4 23.Ne2 Qf7 24.Nd4 Bd7 25.Rbc1 b6 26.f4 Ra7 27.Nb5 Raa8 
28.Bd4 Bf6 29.Bxf6 Qxf6 30.Nc7 Ra7 31.Nd5 Qg7 32.Ra2 Rb8 33.Re1 Bc6 34.Re3
Kf8 35.Rg3 Qh8 36.Rga3 Be8 37.b5 Rba8 38.Qe3 Qg7 39.Nxb6 Nxb6 40.Rxa7 Rb8 
41.h3 Qf6 42.R2a6 Nd7 43.Rc7 1-0

[Event "Manhattan Open"]
[Site "New York, NY"]
[Date "2011.08.21"]
[Round "8"]
[White "Lenderman, Aleksandr"]
[Black "Bartholomew, John"]
[Result "1-0"]
[WhiteElo "2525"]
[BlackElo "2442"]
[EventDate "2011.08.17"]
[WhiteTitle "GM"]
[BlackTitle "IM"]
[Source "MonRoi"]

1.c4 e5 2.Nc3 Nc6 3.Nf3 Nf6 4.a3 d5 5.cxd5 Nxd5 6.Qc2 Be6 7.e4 Nde7 8.b4 
g6 9.Bb2 Bg7 10.Na4 O-O 11.Nc5 Bc8 12.Rc1 a5 13.b5 Nd4 14.Nxd4 exd4 15.Bc4
b6 16.Nd3 Bb7 17.f3 Nc8 18.Ba2 Qg5 19.Qxc7 Ra7 20.Qf4 Qxb5 21.Bc4 Qe8 22.
O-O b5 23.Bb3 Nb6 24.e5 Bd5 25.Bxd5 Nxd5 26.Qxd4 Qa8 27.Qe4 Nb6 28.Bd4 
Qxe4 29.fxe4 Rd7 30.Bxb6 Rxd3 31.Bxa5 Bxe5 32.Rf3 Rxf3 33.gxf3 Bd6 34.Rb1 
Bxa3 35.Rxb5 Rc8 36.Bc3 Bf8 37.Kf2 Bg7 38.e5 Bh6 39.h3 Kf8 40.Rb4 Bg5 41.
Ra4 h5 42.f4 Be7 43.Kf3 Rb8 44.Ke4 Ke8 45.d4 Rb3 46.Kd3 Rb1 47.d5 Rb7 48.
Ra8+ Kd7 49.Ba5 Bh4 50.Kc4 Be7 51.Ra6 Ke8 52.Bb6 Bd8 53.Kc5 Bxb6+ 54.Rxb6 
Ra7 55.Kc6 Ra8 56.Kc7 Ke7 57.d6+ Ke6 58.d7+ Ke7 59.Ra6 1-0

[Event "Manhattan Open"]
[Site "New York, NY"]
[Date "2011.08.21"]
[Round "8"]
[White "Safarli, Eltaj"]
[Black "Korley, Kassa"]
[Result "1-0"]
[WhiteElo "2622"]
[BlackElo "2326"]
[EventDate "2011.08.17"]
[WhiteTitle "GM"]
[BlackTitle "-"]
[Source "MonRoi"]

1.e4 c5 2.Nf3 d6 3.d4 cxd4 4.Nxd4 Nf6 5.Nc3 a6 6.Be3 e6 7.g4 e5 8.Nf5 h5 
9.g5 Nxe4 10.Nxg7+ Bxg7 11.Nxe4 d5 12.Ng3 d4 13.Bd2 Nc6 14.Bd3 Bg4 15.f3 
Be6 16.Ne4 Qe7 17.Qe2 O-O-O 18.a3 f5 19.gxf6 Bxf6 20.O-O-O Kb8 21.Rhg1 Rc8
22.Kb1 Ka7 23.Rde1 Bh4 24.Bg5 Bxg5 25.Nxg5 Bd5 26.f4 Rce8 27.Bg6 Reg8 28.
f5 Rc8 29.Ne4 Na5 30.f6 Qe6 31.Nd2 Nc6 32.Be4 Bxe4 33.Nxe4 Na5 34.Rg7 Nc4 
35.Qf3 Rc6 36.Kc1 Rb8 37.Re7 Qd5 38.f7 Rf8 39.Nd2 Qxf3 40.Nxf3 Ne3 41.Nxe5
Rxc2+ 42.Kb1 Rf2 43.h3 Rf6 44.Rc1 Nf5 45.Re8 R6xf7 46.Rxf8 Rxf8 47.Rf1 h4 
48.Rf4 d3 49.Nxd3 Rd8 50.Ne5 Rd1+ 51.Ka2 Nd4 52.Rxh4 a5 53.Rh7 Re1 54.Nd3 
Re6 55.Rd7 Re4 56.Nc5 Rh4 57.Rxb7+ Ka8 58.Rb6 Rxh3 59.Ra6+ Kb8 60.Rxa5 Kc7
61.Ne4 Kb6 62.Rd5 Nc6 63.Nd2 Rh4 64.Nf3 Rf4 65.Ne5 Nd4 66.Nc4+ Kc6 67.Rh5 
Rf2 68.Ne5+ Kb6 69.Nd3 Rd2 70.Nc5 Rc2 71.Na4+ Kc6 72.Nc3 Kb6 73.Rd5 Nc6 
74.Rb5+ Ka6 75.Rc5 Kb7 76.a4 Rh2 77.Ka3 Rh4 78.Nd5 Nd4 79.Rc7+ Ka6 80.b4 
Rh3+ 81.Nc3 Kb6 82.Rc4 Rd3 83.a5+ Kb7 84.Ka4 Rd2 85.Rc5 Rb2 86.b5 Nc2 87.
a6+ Ka7 88.Nd1 Nd4 89.Nxb2 1-0

[Event "Manhattan Open"]
[Site "New York, NY"]
[Date "2011.08.21"]
[Round "8"]
[White "Nagle, Sean"]
[Black "Ostrovskiy, Aleksandr"]
[Result "1-0"]
[WhiteElo "2379"]
[BlackElo "2294"]
[EventDate "2011.08.17"]
[WhiteTitle "FM"]
[BlackTitle "FM"]
[Source "MonRoi"]

1.d4 d5 2.c4 c6 3.cxd5 cxd5 4.Nf3 Nf6 5.Nc3 Nc6 6.Bf4 a6 7.Rc1 Bf5 8.e3 e6
9.Qb3 Ra7 10.Ne5 Nxe5 11.Bxe5 Nd7 12.Be2 Nxe5 13.dxe5 Qa5 14.O-O h6 15.e4 
dxe4 16.Nb5 axb5 17.Rc8+ Ke7 18.Rfc1 b6 19.Qd1 Rd7 20.Qxd7+ 1-0

[Event "Manhattan Open"]
[Site "New York, NY"]
[Date "2011.08.21"]
[Round "8"]
[White "Coleman, Teddy"]
[Black "Sarkar, Justin"]
[Result "1/2-1/2"]
[WhiteElo "2285"]
[BlackElo "2376"]
[EventDate "2011.08.17"]
[WhiteTitle "FM"]
[BlackTitle "IM"]
[Source "MonRoi"]

1.d4 d6 2.c4 e5 3.e3 Nd7 4.Nc3 g6 5.g3 Bg7 6.Bg2 f5 7.Nge2 Ngf6 8.a4 a5 9.
b3 O-O 10.Ba3 Re8 11.O-O e4 12.Rc1 Nb8 13.Qd2 c6 14.Rce1 Na6 15.f3 exf3 
16.Bxf3 g5 17.Nc1 d5 18.cxd5 cxd5 19.Nb5 Ne4 20.Bxe4 dxe4 21.Ne2 Bf8 22.
Bxf8 Rxf8 23.d5 Nb4 24.d6 Nd3 25.Rd1 Ra6 26.Nc1 Bd7 27.Nxd3 Bxb5 28.Nc5 
Bd3 29.Nxa6 bxa6 30.Rf2 Qxd6 31.Qxa5 Qe6 32.Rc1 h6 33.Qc7 Qxb3 34.Qd6 Kg7 
35.Rc7+ Rf7 36.Qe5+ Kg6 37.Rc6+ Kh7 38.Rc8 f4 39.Rh8+ Kg6 40.Rg8+ Kh5 41.
exf4 Rf5 42.Rxg5+ hxg5 43.Qxf5 Qd1+ 44.Kg2 Qf3+ 45.Rxf3 exf3+ 46.Kxf3 Bxf5
47.fxg5 Kxg5 48.Ke3 a5 1/2-1/2

[Event "Manhattan Open"]
[Site "New York, NY"]
[Date "2011.08.21"]
[Round "8"]
[White "Barrett, Steve"]
[Black "Betaneli, Alex"]
[Result "0-1"]
[WhiteElo "2236"]
[BlackElo "2255"]
[EventDate "2011.08.17"]
[WhiteTitle "-"]
[BlackTitle "FM"]
[Source "MonRoi"]

1.d4 d5 2.c4 e6 3.Nc3 Be7 4.cxd5 exd5 5.Nf3 Nf6 6.Bg5 c6 7.Qc2 g6 8.e3 Bf5
9.Bd3 Bxd3 10.Qxd3 Nbd7 11.O-O-O Ng4 12.Bxe7 Qxe7 13.Qc2 Ngf6 14.Kb1 O-O 
15.Nd2 Rfe8 16.Rhe1 Nb6 17.f3 Rad8 18.g4 Nfd7 19.Nb3 Nc4 20.e4 Qf6 21.Qg2 
Qf4 22.Ne2 Qc7 23.Nc3 Qf4 24.Ne2 Qd6 25.e5 Ndxe5 26.dxe5 Qxe5 27.Nec1 Qf6 
28.Qf2 a5 29.f4 a4 30.Qd4 Qh4 31.Rxe8+ Rxe8 32.Nd2 Ne3 33.Rg1 Qf2 34.Rg3 
Nxg4 35.Qxf2 Nxf2 36.Rg2 Ne4 37.Nf3 f6 38.Kc2 Kf7 39.Re2 Rd8 40.Nd2 Nd6 
41.Nd3 Nf5 42.Nf3 b6 43.b4 axb3+ 44.axb3 c5 45.Kc3 Ra8 46.Nc1 d4+ 47.Kd3 
Ra1 48.Kc2 Ne3+ 49.Kb2 Ra7 50.Nd3 Nd5 51.Nd2 Nc3 52.Re1 Ra2+ 53.Kc1 Ra1+ 
54.Kb2 Ra2+ 55.Kc1 Nd5 56.h3 Ra1+ 57.Nb1 Ra2 58.Nd2 Ne3 59.Nc4 Nxc4 60.
bxc4 Rh2 61.f5 Rxh3 62.fxg6+ hxg6 63.Kd2 g5 64.Rb1 Rh2+ 65.Kd1 Rh1+ 66.Ne1
Rh3 67.Rxb6 Rc3 68.Rc6 Rxc4 69.Nd3 Rc3 70.Nxc5 Kg6 71.Ke2 g4 72.Kf2 Kf5 
73.Kg2 Rc2+ 74.Kg3 Rc3+ 75.Kg2 Rc2+ 76.Kg3 d3 77.Rd6 Rxc5 78.Rxd3 Kg5 79.
Rd8 Rc3+ 80.Kf2 f5 81.Rd2 f4 82.Kg2 Kf5 83.Kf2 Ke4 84.Re2+ Re3 85.Ra2 Rc3 
86.Ra4+ Ke5 87.Ra2 Kd4 88.Rd2+ Kc4 89.Kg2 Rd3 90.Rf2 Rd4 91.Rc2+ Kd3 92.
Rc8 Ke3 93.Re8+ Re4 94.Rd8 Ke2 95.Rf8 Ke1 96.Ra8 Re2+ 97.Kg1 f3 98.Ra1+ 
Kd2 99.Ra3 Re3 100.Ra2+ Kd3 101.Ra3+ Ke4 102.Ra4+ Kf5 103.Ra5+ Kf4 104.Ra2
Re1+ 105.Kf2 Re2+ 0-1

[Event "Manhattan Open"]
[Site "New York, NY"]
[Date "2011.08.21"]
[Round "8"]
[White "Dean-Kawamura, Ben"]
[Black "Itkin, David"]
[Result "1-0"]
[WhiteElo "2397"]
[BlackElo "2025"]
[EventDate "2011.08.17"]
[WhiteTitle "FM"]
[BlackTitle "-"]
[Source "MonRoi"]

1.e4 d5 2.exd5 Nf6 3.d4 Bg4 4.Nf3 Nxd5 5.c4 Nb6 6.c5 Nd5 7.Qb3 Nc6 8.Qxb7 
Bd7 9.Bb5 Rb8 10.Qxc6 Nf6 11.Ba4 Rb4 12.Nc3 Bxc6 13.Bxc6+ Nd7 14.Ne5 Rxd4 
15.Be3 f6 16.Nxd7 Rxd7 17.Rd1 Kf7 18.Rxd7 Qb8 19.Bd5+ Kg6 20.Bb3 Qc8 21.
Bc2+ Kf7 22.Bb3+ Kg6 23.Be6 Qa6 24.Nd5 f5 25.Nf4+ Kf6 26.Nd5+ Kg6 27.Nf4+ 
Kf6 28.h4 Ke5 29.Rd5+ 1-0

[Event "Manhattan Open"]
[Site "New York, NY"]
[Date "2011.08.21"]
[Round "8"]
[White "Shvartsman, Andrew"]
[Black "Lawson, Brian"]
[Result "1-0"]
[WhiteElo "2209"]
[BlackElo "2083"]
[EventDate "2011.08.17"]
[WhiteTitle "-"]
[BlackTitle "-"]
[Source "MonRoi"]

1.e4 e6 2.d4 d5 3.Nd2 dxe4 4.Nxe4 Bd7 5.Bd3 Bc6 6.Nf3 Nd7 7.c4 Ngf6 8.Nc3 
Bxf3 9.Qxf3 c6 10.g4 h6 11.h4 Qb6 12.Ne2 O-O-O 13.c5 Bxc5 14.dxc5 Nxc5 15.
Bc2 Rd5 16.O-O Rhd8 17.Nf4 R5d7 18.Rb1 g5 19.Nxe6 fxe6 20.Qxf6 Rd4 21.Qf3 
Qb4 22.Bd1 Ne4 23.a3 Qd6 24.Be3 Nd2 25.Bxd2 Rxd2 26.Be2 Rf8 27.Qe3 Rf4 28.
Rbd1 Rfd4 29.Rxd2 Rxd2 30.hxg5 hxg5 31.Bc4 e5 32.b4 Rd4 33.Qxg5 Kc7 34.Be2
a6 35.Qe3 Kb8 36.Qf3 Rf4 37.Rd1 Qf6 38.Qe3 Qg5 39.Rd3 Qe7 40.Qb6 Rf8 41.
Qc5 Qg7 42.Re3 1-0

[Event "Manhattan Open"]
[Site "New York, NY"]
[Date "2011.08.21"]
[Round "8"]
[White "Black, James"]
[Black "Helfst, Matt"]
[Result "1/2-1/2"]
[WhiteElo "2105"]
[BlackElo "1971"]
[EventDate "2011.08.17"]
[WhiteTitle "-"]
[BlackTitle "-"]
[Source "MonRoi"]

1.d4 d5 2.c4 e6 3.Nc3 Nf6 4.cxd5 exd5 5.Bg5 Be7 6.e3 O-O 7.Qc2 Re8 8.Bd3 
h6 9.Bh4 c5 10.O-O-O cxd4 11.exd4 Nc6 12.Nf3 Bg4 13.Bf5 Nb4 14.Qb1 Bxf5 
15.Qxf5 Ne4 16.Bxe7 Rxe7 17.a3 Nxc3 18.bxc3 Nc6 19.Qc2 Qa5 20.Qb2 Rc7 21.
Rd3 Rac8 22.Kb1 Qa6 23.Re3 Na5 24.Nd2 Qg6+ 25.Qc2 Qxg2 26.Rhe1 Qg6 27.Re8+
Rxe8 28.Rxe8+ Kh7 29.Qxg6+ Kxg6 30.Kc2 Nc6 31.Kd3 Kg5 32.Nf1 Kf4 33.Ne3 
Rd7 34.Ke2 f6 35.h3 a6 36.h4 Na7 37.a4 Nc6 38.Rg8 Re7 39.Kd3 Rd7 40.Ke2 
Re7 41.Kd3 Rd7 42.Ke2 1/2-1/2

[Event "Manhattan Open"]
[Site "New York, NY"]
[Date "2011.08.21"]
[Round "9"]
[White "Romanenko, Vladimir"]
[Black "Kacheishvili, Giorgi"]
[Result "1/2-1/2"]
[WhiteElo "2454"]
[BlackElo "2582"]
[EventDate "2011.08.17"]
[WhiteTitle "IM"]
[BlackTitle "GM"]
[Source "MonRoi"]

1.e4 c5 2.Nf3 d6 3.d4 cxd4 4.Nxd4 Nf6 5.Nc3 Nc6 6.Bg5 e6 7.Qd2 Be7 8.O-O-O
Nxd4 9.Qxd4 a6 10.f4 b5 11.Be2 Bb7 12.Bf3 Rc8 13.Rhe1 O-O 14.e5 Bxf3 15.
gxf3 dxe5 16.fxe5 Nd5 17.Bxe7 Nxe7 18.Qa7 Qc7 19.Qxc7 Rxc7 20.a3 Rfc8 21.
Re2 Ng6 22.Re4 Rc4 23.Rxc4 bxc4 24.Na4 Nxe5 25.f4 Ng4 26.Nb6 Rb8 27.Nxc4 
Nxh2 28.Ne5 f6 29.Nc6 Re8 30.Nb4 e5 31.fxe5 Rxe5 32.Nxa6 h5 33.c4 Ra5 34.
Rd6 1/2-1/2

[Event "Manhattan Open"]
[Site "New York, NY"]
[Date "2011.08.21"]
[Round "9"]
[White "Kudrin, Sergey"]
[Black "Gustafsson, Jan"]
[Result "0-1"]
[WhiteElo "2547"]
[BlackElo "2634"]
[EventDate "2011.08.17"]
[WhiteTitle "GM"]
[BlackTitle "GM"]
[Source "MonRoi"]

1.e4 e5 2.Nf3 Nc6 3.Bc4 Bc5 4.c3 Nf6 5.d3 d6 6.O-O a6 7.Bb3 Ba7 8.Re1 h6 
9.Nbd2 O-O 10.Nf1 Re8 11.Ng3 Be6 12.Bxe6 Rxe6 13.d4 d5 14.Nxe5 Nxe5 15.
dxe5 Rxe5 16.Bf4 Re6 17.e5 Nh7 18.Nf5 Nf8 19.h4 Ng6 20.Qg4 h5 21.Qg3 Qf8 
22.Be3 Rxe5 23.Qf3 Qc8 24.Nd4 Nxh4 25.Qg3 Qg4 26.Qxg4 hxg4 27.Nc2 Bxe3 28.
Rxe3 Rae8 29.Rxe5 Rxe5 30.Ne3 g3 31.fxg3 Rxe3 32.gxh4 Re2 33.Rb1 c6 34.Kh2
Kf8 35.Kg3 Ke7 36.Kf3 Rc2 37.a4 a5 38.g4 Kd6 39.Kf4 Re2 40.b4 b6 41.h5 Ke6
42.bxa5 bxa5 43.Rb6 Re4+ 44.Kg5 Rc4 45.Ra6 f6+ 46.Kh4 f5 47.Rxa5 Rxg4+ 48.
Kh3 Rc4 49.Ra8 Rxc3+ 50.Kg2 Ra3 51.a5 Ke5 52.a6 c5 53.Kf2 c4 54.Ke2 Kd4 
55.Kd2 f4 56.a7 f3 57.Rf8 Rxa7 58.Rxf3 Ra2+ 59.Kd1 Rh2 0-1

[Event "Manhattan Open"]
[Site "New York, NY"]
[Date "2011.08.21"]
[Round "9"]
[White "Gelashvili, Tamaz"]
[Black "Kleiman, Jake"]
[Result "1-0"]
[WhiteElo "2616"]
[BlackElo "2375"]
[EventDate "2011.08.17"]
[WhiteTitle "GM"]
[BlackTitle "IM"]
[Source "MonRoi"]

1.Nf3 Nf6 2.d4 e6 3.e3 c5 4.Bd3 b6 5.O-O Bb7 6.c4 Be7 7.Nc3 cxd4 8.exd4 d5
9.cxd5 Nxd5 10.Ne5 O-O 11.Qh5 Nf6 12.Qh4 Ne4 13.Qh5 Nf6 14.Qh3 Qxd4 15.Re1
Bc5 16.Re2 Nc6 17.Nb5 Qxe5 18.Rxe5 Nxe5 19.Be2 Nd5 20.Nc3 Rac8 21.Qg3 Nxc3
22.bxc3 Ng6 23.h4 Rfd8 24.h5 Bd6 25.Qg4 Ne5 26.Qa4 a6 27.Be3 Bc5 28.Bxc5 
Rxc5 29.Qb4 Rd6 30.a4 a5 31.Qf4 h6 32.Rb1 f6 33.Qe3 Nd7 34.f4 Kf7 35.g4 e5
36.Bd3 Ke7 37.Bf5 Bc6 38.Rxb6 Rcd5 39.Rb2 Bxa4 40.g5 fxg5 41.fxg5 Bc6 42.
Be4 Rd1+ 43.Kh2 Bxe4 44.Qxe4 R1d2+ 45.Rxd2 Rxd2+ 46.Kg1 hxg5 47.Qg6 Nf6 
48.Qxg7+ Ke6 49.h6 Rd7 50.Qxg5 Rh7 51.c4 Rc7 52.c5 a4 53.Qe3 Rh7 54.Qh3+ 
Kf7 55.c6 Kg6 56.Qd3+ e4 57.Qg3+ Kf5 58.c7 Rh8 59.h7 a3 60.Qxa3 Nxh7 61.
c8=R 1-0

[Event "Manhattan Open"]
[Site "New York, NY"]
[Date "2011.08.21"]
[Round "9"]
[White "Jiang, Louie"]
[Black "Lapshun, Yury"]
[Result "1-0"]
[WhiteElo "2348"]
[BlackElo "2444"]
[EventDate "2011.08.17"]
[WhiteTitle "FM"]
[BlackTitle "IM"]
[Source "MonRoi"]

1.e4 c5 2.Nf3 e6 3.d4 cxd4 4.Nxd4 Nf6 5.Nc3 Qb6 6.e5 Bc5 7.Ndb5 Nd5 8.Ne4 
O-O 9.c4 a6 10.cxd5 axb5 11.Nxc5 Qxc5 12.Be3 Qb4+ 13.Qd2 Qe4 14.f4 d6 15.
exd6 exd5 16.Bxb5 Bd7 17.Bxd7 Nxd7 18.O-O Rfc8 19.Rac1 Rxc1 20.Rxc1 Qe6 
21.Bc5 h6 22.Bb4 Qf5 23.a3 Re8 24.Rd1 d4 25.Qxd4 Re4 26.Qd3 Qxf4 27.Re1 f5
28.Bc3 Kh7 29.Rf1 Qg5 30.Qb5 Qe3+ 31.Kh1 Rf4 32.h3 Rxf1+ 33.Qxf1 Qe6 34.
Qf4 b6 35.Qd4 Qf7 36.a4 Qg6 37.b4 Qg5 38.a5 bxa5 39.bxa5 Nf6 40.Qd2 1-0

[Event "Manhattan Open"]
[Site "New York, NY"]
[Date "2011.08.21"]
[Round "9"]
[White "Korley, Kassa"]
[Black "Schut, Lisa"]
[Result "1-0"]
[WhiteElo "2326"]
[BlackElo "2304"]
[EventDate "2011.08.17"]
[WhiteTitle "-"]
[BlackTitle "WIM"]
[Source "MonRoi"]

1.Nf3 Nf6 2.c4 g6 3.Nc3 d5 4.cxd5 Nxd5 5.e4 Nxc3 6.dxc3 Qxd1+ 7.Kxd1 Nd7 
8.Bf4 c6 9.Kc2 f6 10.e5 Nc5 11.Nd4 Ne6 12.Nxe6 Bxe6 13.Bd3 O-O-O 14.Rhe1 
f5 15.Be3 Kc7 16.a4 b6 17.a5 Rb8 18.axb6+ axb6 19.Ra7+ Rb7 20.Rea1 Bg7 21.
f4 Rb8 22.b4 b5 23.Bc5 Bf8 24.Kd2 Bd5 25.g3 Rxa7 26.Rxa7+ Rb7 27.Ra6 Rb8 
28.Ke3 Rb7 29.Kd4 Rb8 30.Ra7+ Kd8 31.c4 bxc4 32.Bxc4 Bxc4 33.Kxc4 Rc8 34.
e6 Ke8 35.Bd4 Kd8 36.Be5 Ke8 37.Kc5 Kd8 38.Rd7+ Ke8 39.Rc7 1-0

[Event "Manhattan Open"]
[Site "New York, NY"]
[Date "2011.08.21"]
[Round "9"]
[White "Bonin, Jay"]
[Black "Dominguez, Jose"]
[Result "1-0"]
[WhiteElo "2323"]
[BlackElo "2298"]
[EventDate "2011.08.17"]
[WhiteTitle "IM"]
[BlackTitle "-"]
[Source "MonRoi"]

1.d4 b5 2.Bg5 Bb7 3.Nd2 Nf6 4.Bxf6 gxf6 5.e3 a6 6.Qh5 e6 7.Ngf3 d5 8.Bd3 
Nd7 9.e4 c5 10.exd5 Bxd5 11.Be4 Nb6 12.dxc5 Bxc5 13.O-O Qc7 14.a4 Rd8 15.
axb5 axb5 16.Rfe1 h6 17.Ra5 Qc6 18.Ra7 Rd7 19.Raa1 Nc4 20.Nb3 Bxe4 21.Rxe4
Qxe4 22.Nxc5 Rd5 23.Nxe4 Rxh5 24.Nxf6+ Ke7 25.Nxh5 Nxb2 1-0

[Event "Manhattan Open"]
[Site "New York, NY"]
[Date "2011.08.21"]
[Round "9"]
[White "Prilleltensky, Matan"]
[Black "Santarius, Erik"]
[Result "1-0"]
[WhiteElo "2090"]
[BlackElo "2311"]
[EventDate "2011.08.17"]
[WhiteTitle "-"]
[BlackTitle "-"]
[Source "MonRoi"]

1.d4 d5 2.c4 e6 3.Nc3 Be7 4.cxd5 exd5 5.Bf4 Nf6 6.e3 O-O 7.Bd3 c5 8.Nge2 
Nc6 9.O-O c4 10.Bc2 a6 11.e4 dxe4 12.d5 Nb4 13.d6 Nd3 14.dxe7 Qxe7 15.Qd2 
h6 16.b3 g5 17.Bxg5 hxg5 18.Qxg5+ Kh7 19.bxc4 Rg8 20.Qh4+ Kg7 21.Nxe4 Qxe4
22.Qxe4 Nxe4 23.Bxd3 Nc5 24.Rad1 Bd7 25.Bc2 b5 26.cxb5 axb5 27.Bb3 Nxb3 
28.axb3 Ra7 29.Rd2 Kf6 30.f3 Rc8 31.Rfd1 Ke7 32.Nf4 Ke8 33.b4 Rc4 34.Rd4 
Ra4 35.Nh5 Be6 36.Ng7+ Ke7 37.Nxe6 fxe6 38.Rxc4 bxc4 39.Rb1 c3 40.b5 Ra2 
41.Rc1 Ra3 42.Kf2 Kd6 43.Ke3 Kd5 44.Kd3 c2+ 45.Kd2 Rb3 46.Rxc2 Rxb5 47.Ke2
e5 48.Kf2 Rb3 49.Re2 Rb4 50.g4 Ke6 51.h4 Kf6 52.Ra2 e4 53.fxe4 Ke5 54.Kg3 
Rb3+ 55.Kh2 Kxe4 56.Rf2 Ra3 57.g5 Ra6 58.Kg3 Ke5 59.Kg4 Ra8 60.g6 Ra1 61.
Kg5 1-0

[Event "Manhattan Open"]
[Site "New York, NY"]
[Date "2011.08.21"]
[Round "9"]
[White "Dean-Kawamura, Ben"]
[Black "Berube, Richard"]
[Result "1/2-1/2"]
[WhiteElo "2397"]
[BlackElo "2315"]
[EventDate "2011.08.17"]
[WhiteTitle "FM"]
[BlackTitle "FM"]
[Source "MonRoi"]

1.e4 c5 2.Nf3 Nc6 3.d4 cxd4 4.Nxd4 Nf6 5.Nc3 d6 6.Bg5 e6 7.Qd2 Be7 8.O-O-O
O-O 9.f4 Nxd4 10.Qxd4 Qa5 11.Be2 Bd7 12.Rd3 Bc6 13.Rg3 e5 14.Qf2 exf4 15.
Qxf4 Qe5 16.Qh4 Kh8 17.Bd3 Ng8 18.Nd5 Bxd5 19.exd5 g6 20.Bxe7 Qxe7 21.Qb4 
Rfe8 22.Rf1 f5 23.Bb5 Qe4 24.Qc3+ Re5 25.Rd1 Nf6 26.Rgd3 Qf4+ 27.Kb1 a6 
28.g3 Qf2 29.Qc7 Ne4 30.Qxb7 Rf8 31.Qxa6 Qc5 32.a4 Re7 33.Qc6 Qf2 34.Rd4 
Rff7 35.a5 Rc7 36.Qe8+ Kg7 37.Bc6 Rf8 38.Qe6 Rf6 39.Qe8 Rf8 40.Qe6 Rf6 41.
Rxe4 Rxe6 42.Rxe6 Qc5 43.a6 Qc4 44.Rxd6 Qe2 45.Rd3 Qe1+ 46.Ka2 Qb4 47.Re6 
Qc4+ 48.Kb1 Qxa6 49.d6 Rxc6 50.Re7+ Kf6 51.d7 Rd6 52.Ree3 Rxd7 53.Rxd7 
Qf1+ 54.Ka2 Qa6+ 55.Kb1 Qf1+ 1/2-1/2

[Event "Manhattan Open"]
[Site "New York, NY"]
[Date "2011.08.21"]
[Round "9"]
[White "Gisclan, Heverton"]
[Black "Kovalchuk, Igor"]
[Result "1-0"]
[WhiteElo "2279"]
[BlackElo "2034"]
[EventDate "2011.08.17"]
[WhiteTitle "-"]
[BlackTitle "-"]
[Source "MonRoi"]

1.e4 g6 2.d4 Nf6 3.e5 Nh5 4.Be2 d6 5.Nf3 Nc6 6.O-O dxe5 7.d5 Nd4 8.Nxd4 
exd4 9.Qxd4 Bg7 10.Qa4+ Bd7 11.Qh4 e5 12.Qb4 a5 13.Qxb7 O-O 14.Nc3 Nf4 15.
Bf3 Rb8 16.Qa7 Bf5 17.Qxa5 Bxc2 18.Bxf4 exf4 19.b3 Be5 20.Rac1 Bf5 21.Ne4 
g5 22.d6 cxd6 23.Qxd8 Rfxd8 24.Nxg5 h6 25.Ne4 Ra8 26.Nc3 Ra3 27.Nd5 Kg7 
28.Ne7 Be6 29.Rc2 Rd7 30.Nc6 Rc7 31.Be4 f5 32.Bf3 d5 33.Re1 Kf6 34.Rxe5 
Rxc6 35.Rxf5+ Kxf5 36.Rxc6 Rxa2 37.Kf1 Ke5 38.Ke1 Rb2 39.Bd1 d4 40.Rc2 Rb1
41.Rc5+ Kd6 42.Rb5 Kc6 43.Rb8 Bd5 44.f3 Rb2 45.Rh8 d3 46.Rxh6+ Kc5 47.g3 
Kd4 48.Rh7 Rg2 49.gxf4 Ke3 50.Re7+ Kxf4 51.h4 Rh2 52.Rd7 d2+ 53.Kf1 Be6 
54.Kg1 Kg3 55.Rg7+ Kh3 56.h5 Bxb3 57.h6 Bxd1 58.h7 Rh1+ 59.Kf2 Rh2+ 60.Ke3
Re2+ 61.Kf4 Re8 62.Rg8 Re4+ 63.Kxe4 Bc2+ 64.Kf4 Bxh7 65.Rd8 d1=N 66.Rxd1 
Be4 67.fxe4 1-0

[Event "Manhattan Open"]
[Site "New York, NY"]
[Date "2011.08.21"]
[Round "9"]
[White "Lawson, Brian"]
[Black "Wang, Lidong"]
[Result "1-0"]
[WhiteElo "2083"]
[BlackElo "2170"]
[EventDate "2011.08.17"]
[WhiteTitle "-"]
[BlackTitle "-"]
[Source "MonRoi"]

1.d4 Nf6 2.Nf3 g6 3.c4 Bg7 4.Nc3 O-O 5.Bf4 d6 6.e3 Nbd7 7.Be2 c6 8.O-O Qc7
9.h3 e5 10.Bh2 Qa5 11.Rb1 e4 12.Nd2 d5 13.b4 Qd8 14.b5 Nb6 15.bxc6 bxc6 
16.c5 Nbd7 17.Qa4 Nxc5 18.dxc5 Bd7 19.Ba6 Nh5 20.Ne2 Qg5 21.Kh1 Qh4 22.Nf3
Qf6 23.Nfg1 g5 24.g4 Rae8 25.gxh5 Bxh3 26.Nxh3 Qf3+ 27.Kg1 Qxh3 28.Qxc6 
Qxh5 29.Qxd5 Re6 30.Ng3 Qh4 31.Be2 Re5 32.Qc4 g4 33.Rfd1 1-0

[Event "Manhattan Open"]
[Site "New York, NY"]
[Date "2011.08.21"]
[Round "9"]
[White "Helfst, Matt"]
[Black "Mercere, Edu"]
[Result "1-0"]
[WhiteElo "1971"]
[BlackElo "1839"]
[EventDate "2011.08.17"]
[WhiteTitle "-"]
[BlackTitle "-"]
[Source "MonRoi"]

1.Nf3 Nf6 2.c4 d6 3.d4 Nbd7 4.Nc3 e5 5.e4 Be7 6.Be2 O-O 7.O-O Re8 8.Re1 c6
9.h3 a6 10.a4 a5 11.Be3 Qc7 12.Qd2 Nf8 13.Rac1 Ng6 14.Nh2 Bf8 15.d5 c5 16.
Bd3 Nh5 17.Ne2 Bd7 18.b3 Qc8 19.f4 f5 20.exf5 Bxf5 21.Bxf5 Qxf5 22.g4 Qe4 
23.Nc3 1-0